| 000 | 01095njm a22002657a 4500 | ||
|---|---|---|---|
| 005 | 20100904153733.0 | ||
| 007 | sd ammalaaahaa | ||
| 008 | 100904t xxu||||| |||| 00| 0 hin d | ||
| 028 |
_aN. 88274 _bHis Master's Voice |
||
| 028 |
_aOJW. 4403 _bHis Master's Voice |
||
| 028 |
_aOJW. 4404 _bHis Master's Voice |
||
| 035 | _aGR-647 | ||
| 040 | _aSED/VEN | ||
| 100 |
_aPuri, N. L. _91184 |
||
| 245 |
_aSitaron Ke Deepak Part 1: _bHindustani / _cby N. L. Puri; Music by M. Chakravarti; Lyric by Madhukar Rajasthani _h[Sound Recording] : |
||
| 246 | _aसितारों के दीपक (एन. एल. पुरी) | ||
| 260 |
_aDum Dum, India : _bHis Master's Voice |
||
| 300 |
_a1 sound disc [Gramophone Recording] : _banalog, 33 1/3 rpm ; _c10 in. _fGramophone Records |
||
| 500 | _aBrief Records | ||
| 505 | _aसपनों में मिले (एन. एल. पुरी) Part 2 | ||
| 650 |
_aClassical Music _xExcerpts _zIndia _918309 |
||
| 700 | _918415 | ||
| 942 |
_2ddc _cGR |
||
| 999 |
_c43834 _d43834 |
||